| 000 | 00560nam a2200181 i 4500 | ||
|---|---|---|---|
| 001 | 57989 | ||
| 003 | ES-MaACL | ||
| 005 | 20250311121844.0 | ||
| 007 | t| | ||
| 008 | 031020s1932 fr ||||1| fre d | ||
| 100 | 1 |
_aDucos, Hippolyte. _945847 |
|
| 245 | 1 | 0 |
_aPourquoi l'ecole unique? / _cpar Hippolyte Ducos ; préface d'Edouard Herriot. |
| 260 |
_aParis : _bFernand Nathan, _c1932 ( _fSociete Generale d'imprimerie) |
||
| 300 |
_a238 p. ; _c19 cm. |
||
| 700 | 0 |
_aHerriot, Edouard, _d1872-1957 _963370 |
|
| 852 |
_aES-MaACL _jA-1287 |
||
| 999 |
_c57989 _d57989 |
||